El rastro de la noche / (Registro nro. 49457)

Detalles MARC
000 -LEADER
fixed length control field 01177nam a2200265 4500
005 - DATE AND TIME OF LATEST TRANSACTION
control field 20250821142655.0
007 - PHYSICAL DESCRIPTION FIXED FIELD--GENERAL INFORMATION
fixed length control field ta
008 - FIXED-LENGTH DATA ELEMENTS--GENERAL INFORMATION
fixed length control field 160627s2018 000 0 eng d
020 ## - INTERNATIONAL STANDARD BOOK NUMBER
International Standard Book Number 9789588416847
040 ## - CATALOGING SOURCE
Original cataloging agency CO-CtgCURN
Language of cataloging spa
Transcribing agency coctgcurn
082 0# - DEWEY DECIMAL CLASSIFICATION NUMBER
Classification number 861.7
Item number R696
100 1# - MAIN ENTRY--PERSONAL NAME
Personal name Rodríguez Osorio, Gabriel,
Dates associated with a name 1955-
Linkage gabrielrodriguez@ibrinmobiliaria.com.
245 13 - TITLE STATEMENT
Title El rastro de la noche /
Statement of responsibility, etc. Gabriel Rodríguez Osorio.
260 #1 - PUBLICATION, DISTRIBUTION, ETC.
Place of publication, distribution, etc. Bogotá :
Name of publisher, distributor, etc. Apidama Ediciones,
Date of publication, distribution, etc. 2018.
300 ## - PHYSICAL DESCRIPTION
Extent 125 páginas ;
Dimensions 21 cm.
336 ## - CONTENT TYPE
Source rdacontent
337 ## - MEDIA TYPE
Source rdamedia
Media type term sin mediacion
Media type code n
338 ## - CARRIER TYPE
Source rdacarrier
Carrier type term volumen
Carrier type code nc
490 1# - SERIES STATEMENT
Series statement Poetas del nuevo milenio ;
Volume/sequential designation 67
520 8# - SUMMARY, ETC.
Summary, etc. "La noche, con motivo de inspiración para este libro, esa asombrosa conjunción de luna y sombras, de oscuridad y silencio, es un asomarnos a nuestra caverna interior, desde las entrañas de la palabra. GRO nació en Cartagena de Indias y nos presenta su primer libro de poemas."
650 14 - SUBJECT ADDED ENTRY--TOPICAL TERM
Topical term or geographic name entry element Poesía colombiana.
650 14 - SUBJECT ADDED ENTRY--TOPICAL TERM
Topical term or geographic name entry element Poetas
Form subdivision Colecciones
Geographic subdivision Cartagena de Indias, Colombia.
942 ## - ADDED ENTRY ELEMENTS (KOHA)
Koha item type Cartagena
Classification part 613.71
Item part R696
Source of classification or shelving scheme Dewey Decimal Classification
Existencias
Withdrawn status Lost status Source of classification or shelving scheme Damaged status Not for loan Home library Current library Shelving location Date acquired Inventory number Total checkouts Full call number Barcode Date last seen Price effective from Koha item type
    Dewey Decimal Classification     Miguel Henríquez Castañeda Miguel Henríquez Castañeda Cartagena 08/21/2025 024587   861.7 R696 024587 08/21/2025 08/21/2025 Libros